Catálogo
 En Linea

Epoca de oro del hipismo dominicano / (Registro nro. 46344)

Detalles MARC
000 -CABECERA
campo de control de longitud fija 00796nam a2200193 a 4500
001 - NÚMERO DE CONTROL
campo de control 000046855
005 - FECHA Y HORA DE LA ÚLTIMA TRANSACCIÓN
campo de control 20201002053147.0
008 - DATOS DE LONGITUD FIJA--INFORMACIÓN GENERAL
campo de control de longitud fija 110224s2016 dr a 000 0 spa d
040 ## - FUENTE DE LA CATALOGACIÓN
Centro catalogador/agencia de origen DO-SdBNP
Lengua de catalogación spa
Centro/agencia transcriptor BNPHU
082 ## - NÚMERO DE LA CLASIFICACIÓN DECIMAL DEWEY
Número de clasificación xxx
Número de documento/Ítem xxx
100 1# - ENTRADA PRINCIPAL--NOMBRE DE PERSONA
Nombre de persona Tamariz Cerda, José Nicodemes
9 (RLIN) 74802
245 10 - MENCIÓN DE TÍTULO
Título Epoca de oro del hipismo dominicano /
Mención de responsabilidad, etc. José Nicodemes Tamariz Cerda; prólogo Alonso Calcaño.
246 10 - FORMA VARIANTE DE TÍTULO
Título propio/Titulo breve Epoca de oro del hipismo dominicano :
Resto del título es mi historia en le hipódromo "Perla Antillana" como dueño de caballos de carreras pura sangre /
260 ## - PUBLICACIÓN, DISTRIBUCIÓN, ETC.
Lugar de publicación, distribución, etc. Santo Domingo :
Nombre del editor, distribuidor, etc. Dominicana,
Fecha de publicación, distribución, etc. 2016.
300 ## - DESCRIPCIÓN FÍSICA
Extensión 65 P. :
Otras características físicas il. ;
Dimensiones 21 cm.
590 ## - NOTA LOCAL (RLIN)
Nota local La biblioteca posee 3 ejemplares autografiados por el autor.
590 ## - NOTA LOCAL (RLIN)
Nota local Inventariado, 2018/ YL
700 12 - PUNTO DE ACCESO ADICIONAL--NOMBRE DE PERSONA
Nombre de persona Calcaño, Alonso
Término indicativo de función/relación prol.
9 (RLIN) 74803
Existencias
Estado de retiro Estado de pérdida No para préstamo Código de colección Localización permanente Ubicación/localización actual Ubicación en estantería Fecha de adquisición Número de inventario Total de préstamos Signatura topográfica completa Código de barras Fecha visto por última vez Número de copia Precio válido a partir de Tipo de ítem Koha Nota pública
    Excluido de préstamo Dominicana de Servicio General General En catalogación 03.04.2018 LF1   xxx xxx 46855-30 25.06.2020 e. 3 25.06.2020 Libro y Folleto Colección Dominicana de Servicio Autografiado por el autor.
    Excluido de préstamo Patrimonio Dominicano Patrimonio Dominicano Patrimonio Dominicano En catalogación 03.04.2018 LF1   xxx xxx 46855-10 25.06.2020   25.06.2020 Libro y Folleto Colección Patrimonio Dominicano Autografiado por el autor.
    Excluido de préstamo Dominicana de Servicio Patrimonio Dominicano Patrimonio Dominicano En catalogación 03.04.2018 LF1   xxx xxx 46855-20 25.06.2020 e. 3 25.06.2020 Libro y Folleto Colección Dominicana de Servicio Autografiado por el autor.

Con tecnología Koha